| 000 | 00548cam a2200205 i 4500 | ||
|---|---|---|---|
| 020 | _a2040154396 | ||
| 040 | _cDLC | ||
| 082 | 0 | 0 | _a537 BER 1984 C285 Or. |
| 100 | 1 | _aBertin, Michel, | |
| 245 | 1 | 0 | _aElectromagnétisme / |
| 260 |
_a[Paris] : _bDunod, _cc1977-<c1986 > |
||
| 300 |
_av. <1, 3 > : _bill. ; _c24 cm. |
||
| 490 | 1 | _aCours de physique | |
| 490 | 0 | _aMathématiques supérieures | |
| 490 | 0 | _aDunod université | |
| 650 | 0 | _aElectromagnetism. | |
| 700 | 1 | _aFaroux, Jean Pierre, | |
| 700 | 1 | _aRenault, Jacques, | |
| 942 | _cAEDBB | ||
| 999 |
_c22439 _d22439 |
||